| 000 | 00783nam a2200229 a 4500 | ||
|---|---|---|---|
| 001 | BRCA_422 | ||
| 005 | 20190320203014.0 | ||
| 008 | 950512s1995 caua---###---#000-0#eng-# | ||
| 020 | _a0892363614 | ||
| 040 |
_aDLC _cDLC _dDLC |
||
| 050 | 4 |
_aTA1637 _b.B48 1995 |
|
| 100 | 1 |
_aBesser, Howard _91438 |
|
| 245 | 1 | 0 |
_aIntroduction to Imaging _bIssues in Constructing an Image Database _cHoward Besser, Jennifer Trant. |
| 260 |
_aSanta Mónica, California _bGetty Art History Information Program _c1995 |
||
| 300 |
_a48 p. _bil. (algunas a color) _c25 cm. |
||
| 500 | _aIncluye glosario | ||
| 504 | _aBibliografía : p. 47-48 | ||
| 650 | 1 | 4 |
_aProcesamiento de imágenes _xTécnicas digitales _91439 |
| 650 | 1 | 4 |
_aImágenes digitales _91440 |
| 700 | 1 |
_aTrant, Jennifer _91441 |
|
| 942 |
_2lcc _cB |
||
| 999 |
_c357 _d357 |
||